MARC details
| 000 -LEADER |
| fixed length control field |
02192nam a22003617a 4500 |
| 001 - CONTROL NUMBER |
| control field |
1002460.0 |
| 003 - CONTROL NUMBER IDENTIFIER |
| control field |
KnowledgeUnlatched |
| 005 - DATE AND TIME OF LATEST TRANSACTION |
| control field |
20210303104848.0 |
| 006 - FIXED-LENGTH DATA ELEMENTS--ADDITIONAL MATERIAL CHARACTERISTICS |
| fixed length control field |
m o d |
| 007 - PHYSICAL DESCRIPTION FIXED FIELD--GENERAL INFORMATION |
| fixed length control field |
cr u|||||||||| |
| 008 - FIXED-LENGTH DATA ELEMENTS--GENERAL INFORMATION |
| fixed length control field |
210129p20182020cau o u00| u eng d |
| 037 ## - SOURCE OF ACQUISITION |
| Institution to which field applies |
BiblioBoard |
| 020 ## - INTERNATIONAL STANDARD BOOK NUMBER |
| International Standard Book Number |
9780520970700 |
| 024 8# - OTHER STANDARD IDENTIFIER |
| Standard number or code |
10.1525/luminos.57 |
| 029 1# - OTHER SYSTEM CONTROL NUMBER (OCLC) |
| OCLC library identifier |
https://library.biblioboard.com/ext/api/media/0be1c6b5-54f8-4b24-b2ba-58ceffde19d3/assets/thumbnail.jpg |
| 040 ## - CATALOGING SOURCE |
| Original cataloging agency |
ScCtBLL |
| Transcribing agency |
ScCtBLL |
| 100 1# - MAIN ENTRY--PERSONAL NAME |
| Personal name |
Chowrimootoo, Christopher |
| Relator term |
author. |
| 245 00 - TITLE STATEMENT |
| Title |
Middlebrow Modernism |
| Statement of responsibility, etc. |
Christopher Chowrimootoo. |
| 264 #1 - PRODUCTION, PUBLICATION, DISTRIBUTION, MANUFACTURE, AND COPYRIGHT NOTICE |
| Name of producer, publisher, distributor, manufacturer |
University of California Press, |
| 300 ## - PHYSICAL DESCRIPTION |
| Extent |
1 online resource (1 p.) |
| 506 0# - RESTRICTIONS ON ACCESS NOTE |
| Terms governing access |
Access copy available to the general public. |
| Standardized terminology for access restriction |
Unrestricted |
| Source of term |
star |
| 520 ## - SUMMARY, ETC. |
| Summary, etc. |
Situated at the intersection between the history, historiography and aesthetics of twentieth-century music, this study uses Benjamin Britten's operas to illustrate the ways in which composers, critics and audiences mediated the "great divide" between modernism and mass culture. Reviving mid-century discussions of the "middlebrow," Chowrimootoo demonstrates how these works allowed audiences to have their modernist cake and eat it: to revel in the pleasures of consonance, lyricism and theatrical spectacle, even while enjoying the prestige that came from rejecting them. By focusing on moments when reigning aesthetic oppositions and hierarchies threatened to collapse, Middlebrow Modernism offers a powerful model for recovering shades of grey in the black-and-white historiographies of twentieth-century music. |
| 588 0# - SOURCE OF DESCRIPTION NOTE |
| Source of description note |
Description based on print version record. |
| 590 ## - LOCAL NOTE (RLIN) |
| Local note |
Luminos |
| 650 #7 - SUBJECT ADDED ENTRY--TOPICAL TERM |
| Topical term or geographic name entry element |
Music |
| Source of heading or term |
bisacsh |
| 650 #0 - SUBJECT ADDED ENTRY--TOPICAL TERM |
| Topical term or geographic name entry element |
Music |
| 655 #0 - INDEX TERM--GENRE/FORM |
| Genre/form data or focus term |
Electronic books. |
| 758 ## - |
| -- |
Is found in: |
| -- |
Knowledge Unlatched |
| -- |
https://openresearchlibrary.org/module/2774bc74-146a-484f-a7ba-ab1d6a09bbfb |
| 856 40 - ELECTRONIC LOCATION AND ACCESS |
| Uniform Resource Identifier |
<a href="https://openresearchlibrary.org/content/0be1c6b5-54f8-4b24-b2ba-58ceffde19d3">https://openresearchlibrary.org/content/0be1c6b5-54f8-4b24-b2ba-58ceffde19d3</a> |
| Public note |
View this content on Open Research Library. |
| -- |
0 |